00671nam a2200241Ia 4500003000900000008004100009040001300050040001300063041000800076100001200084100000800096245001900104250001000123260000900133260000900142300001100151300001200162490001900174490000600193942000700199999001700206952020600223IT-RoPAU120407s9999 xx 000 0 und d aIT-RoPAU cIT-RoPAU afra aBasilio csan aSur le bapteme aParis aCerf c1989 a323 p. c19.5 cm aSources C. 357 v1 cBK c32577d32577 00102ddc406276_800000000000000_335771aPAULUSbPAULUSd2012-04-11l0o276.8.3357r2012-04-11 00:00:00w2012-04-11yBKzInserito da: Carla In data: 24 ottobre 2011 fondo: Via A.Severo 56 Progr:34333